| 000 | 02561nam1a22004571 4500 | ||
|---|---|---|---|
| 001 | v19\rc\1974869 | ||
| 005 | 20260405071010.0 | ||
| 035 | _a(NLR Aleph) 005269681 | ||
| 090 |
_a5986106 _c5986106 |
||
| 100 | _a20080623d1914 k y0rusy50 ca | ||
| 101 | 0 | _arus | |
| 102 | _aRU | ||
| 105 | _ac z |||z| | ||
| 200 | 1 | _aПолное собрание сочинений В. Г. Короленко | |
| 210 |
_aСанкт-Петербург _cиздание Т-ва А.Ф. Маркс _d1914 |
||
| 215 | _d20 | ||
| 300 | _aЗагл. обл.: Полное собрание сочинений | ||
| 311 | _a"Прил. к журн. "Нива" на 1914 г.", № 1-27 | ||
| 316 |
_aЭкземпляры РНБ имеют разное полиграфическое оформление. Экземпляры РНБ на шифре 34.86.7.49(1-9) имеют издательские переплеты (на 4-й с. обложек: Переплетная "Нивы" ПТГР) _5NLR: |
||
| 316 |
_aЭкземпляры РНБ на шифре 34.86.7.49а вышли в 9-ти томах, 27 книгах, имеющих самостоятельные обложки. В каждом томе сплошной текст и общее оглавление в конце. На обложках: "Бесплатное приложение к Ниве 1914 г." Тома 1-2 (кн. 1-6), 3-4 (кн. 7-12), 5-6 (кн. 13-18), 7-8 (кн. 19-24) сплетены в отдельные владельческие переплеты. Обложки книг в т. 9 (кн. 25-27) и книгах 8,10, 12, 15 отсутствуют _5NLR: |
||
| 422 | 0 |
_12001#$aНива$v1914, № 1-27 _tНива |
|
| 512 | 0 | _aПолное собрание сочинений | |
| 532 | 0 | 0 |
_aПолное собрание сочинений Владимира Галактионовича Короленко _zrus |
| 700 | 1 |
_7ca _8rus _aКороленко _bВ. Г. _f1853-1921 _gВладимир Галактионович _9520 _3RU\NLR\AUTH\7717433 |
|
| 801 | 0 |
_aRU _bNLR _gpsbo |
|
| 801 | 0 |
_aRU _bRuMoRGB _2psbo |
|
| 801 | 1 |
_aRU _bProSoft-M _2rusmarc |
|
| 801 | 2 |
_aRU _bNLR _c20091130 _2rusmarc |
|
| 852 |
_aNLR _j34.86.7.49(т. 1-9) |
||
| 899 |
_aRuMoRGB _jКл 67/139 (т. 1) |
||
| 899 |
_aRuMoRGB _jЯ 149/20 |
||
| 899 |
_aRuMoRGB _jМК |
||
| 899 |
_aRuMoRGB _jФ 10-82/1359 (т. 1) |
||
| 899 |
_aRuMoRGB _jФ 10-82/1360 (т. 2) |
||
| 899 | _aБАН | ||
| 899 | _aНБ СПбГУ | ||
| 899 | _aГПИБ | ||
| 899 | _aНБ МГУ | ||
| 942 | _cBOOK | ||
| 980 | _aNB | ||